Aspectos jurídicos y técnicos para la construcción de la compañía reaseguradora S.A. Empresa Multinacional Andina / (Registro nro. 5395)

Detalles MARC
000 -LEADER
fixed length control field 01015nam a2200241Ia 4500
003 - CONTROL NUMBER IDENTIFIER
control field OSt
005 - DATE AND TIME OF LATEST TRANSACTION
control field 20200813122712.0
008 - FIXED-LENGTH DATA ELEMENTS--GENERAL INFORMATION
fixed length control field 191128s1990 ec gr 000 0dspa d
040 ## - CATALOGING SOURCE
Original cataloging agency Co-JMCR
Transcribing agency Co-JMCR
041 0# - LANGUAGE CODE
Language code of text/sound track or separate title spa
082 04 - DEWEY DECIMAL CLASSIFICATION NUMBER
Classification number 368.0122 /
Item number M251a
Edition number 23
100 1# - MAIN ENTRY--PERSONAL NAME
Personal name Mena Ramírez, Miguel Humberto,
Relator term autor
9 (RLIN) 8717
245 10 - TITLE STATEMENT
Title Aspectos jurídicos y técnicos para la construcción de la compañía reaseguradora S.A. Empresa Multinacional Andina /
Statement of responsibility, etc. Miguel Humberto Mena Ramírez
260 ## - PUBLICATION, DISTRIBUTION, ETC.
Place of publication, distribution, etc. Quito :
Name of publisher, distributor, etc. Organización Latinoamericana de Energía,
Date of publication, distribution, etc. 1990.
300 ## - PHYSICAL DESCRIPTION
Extent ii, 115 páginas
Dimensions 22 cm.
490 0# - SERIES STATEMENT
Series statement Primer premio del concurso "Diez años del FAR"
504 ## - BIBLIOGRAPHY, ETC. NOTE
Bibliography, etc. note Bibliografía : páginas 113-114.
505 0# - FORMATTED CONTENTS NOTE
Formatted contents note El reaseguro -- La empresa multinacional Andina -- La compañía reaseguradora -- La compañía reaseguradora S.A. Empresa Multinacional Andina
650 24 - SUBJECT ADDED ENTRY--TOPICAL TERM
Topical term or geographic name entry element Sector eléctrico
9 (RLIN) 8718
650 24 - SUBJECT ADDED ENTRY--TOPICAL TERM
Topical term or geographic name entry element Política energética
9 (RLIN) 8719
650 24 - SUBJECT ADDED ENTRY--TOPICAL TERM
Topical term or geographic name entry element Sector eléctrico
9 (RLIN) 8720
942 ## - ADDED ENTRY ELEMENTS (KOHA)
Source of classification or shelving scheme Dewey Decimal Classification
Koha item type Books
Existencias
Withdrawn status Lost status Source of classification or shelving scheme Materials specified (bound volume or other part) Damaged status Not for loan Home library Current library Shelving location Date acquired Source of acquisition Full call number Barcode Date last seen Copy number Price effective from Koha item type
    Dewey Decimal Classification Donación--15/04/2018--     Biblioteca Pública José María del Castillo y Rada Biblioteca Pública José María del Castillo y Rada General Stacks 11/28/2019 Donación 368.0122 / M251a 430001825 05/16/2024 Ej.1 11/28/2019 Books